00909nam a22002417a 450000500170000001000130001702000220003003500130005203700160006504000120008108200160009310000220010924500920013126000410022327000580026430000250032250000510034765000640039865000380046294200250050099900190052595201230054420170124110125.0 aB-058638 c00.00a8173914184 aB-058638 bCen Lib/Ret aDPLbEN a954.11bDHA aDhar, D.N.931323 aDynamics of political change in Kashmir : cby D.N.Dharbfrom ancient to modern times / bKanishka Publishersc2001aNew Delhi a4697/5-21 A, Ansari Road DaryaganjbNew Delhie110002 axii,368p. c24cm(Hb) aIncludes bibliographical references and index  aJammu and Kashmir (India) -- Politics and government931324 aIndia -- Jammu and Kashmir931325 2ddccENh954.11mDHA c131267d131267 00104070aLbLd2015-07-14eCen Lib/Retg0.00l0o954.11 DHApB-058638r2015-07-14 00:00:00t1v0.00w2015-07-14yEN